Statistics for TWD

Click here to take the quiz!

General Stats

  • This quiz has been taken 307 times
  • The average score is 6 of 7

Answer Stats

QuestionAnswer% Correct
Who is Ricks sonCarl
99%
Who did Lori cheat on Rick withShane
97%
Who called Rick when he was trapped in the tankGlenn
96%
What was Glenn before the apocalypsePizza delivery guy
96%
Who got shot in the first episodeRick
93%
who never knows where Carl isLori
82%
Who gets his head caved in by a pickaxe by CarolEdd
74%

Score Distribution

Percentile by Number Answered

Percent of People with Each Score

Your Score History

You have not taken this quiz